书目信息 |
| 题名: |
体育俱乐部经营管理实践
|
|
| 作者: | 王勇 著 | |
| 分册: | ||
| 出版信息: | 北京 中国经济出版社 2015 |
|
| 页数: | 240页 | |
| 开本: | 24cm | |
| 丛书名: | ||
| 单 册: | ||
| 中图分类: | G812.17 , G812 | |
| 科图分类: | ||
| 主题词: | 体育--俱乐部--经营管理--研究--中国 | |
| 电子资源: | ||
| ISBN: | 978-7-5136-3767-1 | |
| 000 | 00951nam0 2200229 450 | |
| 001 | 1588 | |
| 005 | 20161130141000.35 | |
| 010 | @a978-7-5136-3767-1@dCNY56.00 | |
| 100 | @a20150908d2015 em y0chiy50 ea | |
| 101 | 0 | @achi |
| 102 | @aCN@b110000 | |
| 105 | @ay z 001yy | |
| 200 | 1 | @a体育俱乐部经营管理实践@9ti yu ju le bu jing ying guan li shi jian@f王勇著 |
| 210 | @a北京@c中国经济出版社@d2015 | |
| 215 | @a240页@d24cm | |
| 330 | @a本书主要针对体育俱乐部的经营管理理论与实践进行研究。全书对职业体育俱乐部、商业健身俱乐部、休闲体育健身俱乐部、青少年体育俱乐部、大学体育俱乐部和社区健身体育俱乐部进行了探讨,分别介绍了它们的概念、经营管理内容和方式等方面,并对国内外各著名体育俱乐部经营管理相关案例进行了分析。 | |
| 606 | 0 | @a体育@x俱乐部@x经营管理@x研究@y中国 |
| 690 | @aG812.17@v5 | |
| 690 | @aG812@v4 | |
| 701 | 0 | @a王勇@9wang yong@c(体育,@f1975~)@4著 |
| 801 | 0 | @aCN@b大连网信软件有限公司图书馆·11@c20161130 |
| 905 | @aZUCC@dG812.17@e62 | |
| 体育俱乐部经营管理实践/王勇著.-北京:中国经济出版社,2015 |
| 240页;24cm |
| ISBN 978-7-5136-3767-1:CNY56.00 |
| 本书主要针对体育俱乐部的经营管理理论与实践进行研究。全书对职业体育俱乐部、商业健身俱乐部、休闲体育健身俱乐部、青少年体育俱乐部、大学体育俱乐部和社区健身体育俱乐部进行了探讨,分别介绍了它们的概念、经营管理内容和方式等方面,并对国内外各著名体育俱乐部经营管理相关案例进行了分析。 |
| ● |
| 相关链接 |
|
|
|
|
正题名:体育俱乐部经营管理实践
索取号:G812.17/62
 
预约/预借
| 序号 | 登录号 | 条形码 | 馆藏地/架位号 | 状态 | 备注 |
| 1 | 909591 | 209095913 | 第一样本阅览室/ [索取号:G812.17/62] | 在馆 | |
| 2 | 909592 | 209095922 | 第四借阅区/ [索取号:G812.17/62] | 在馆 | |
| 3 | 909593 | 209095931 | 第四借阅区/ [索取号:G812.17/62] | 在馆 | |
| 4 | 909594 | 209095940 | 第四借阅区/ [索取号:G812.17/62] | 在馆 | |
| 5 | 909595 | 209095959 | 第四借阅区/ [索取号:G812.17/62] | 在馆 |